Interfacing to microprocessors /

Salvato in:
Dettagli Bibliografici
Autore principale: Cluley, J.C (Autore)
Natura: Libro
Lingua:inglese
Pubblicazione: London : Macmillan Publishing Company, 1983
Edizione:1.vyd.
Tags: Aggiungi Tag
Nessun Tag, puoi essere il primo ad aggiungerne!!

MARC

LEADER 00000nam a22000003a 4500
001 stu8451
005 20150617225805.8
008 960122s1983----uk------------------eng-d
040 |a STU  |b slo 
041 0 |a eng 
044 |a uk 
080 |a 681.327  |7 stu_us_auth*stu8249 
080 |a 681.326-181.4 
100 1 |a Cluley, J.C  |4 aut 
245 1 |a Interfacing to microprocessors /  |c [aut.] Cluley,J.C 
250 |a 1.vyd. 
260 |a London :  |b Macmillan Publishing Company,  |c 1983 
300 |a 157 s 
996 |c I*2HS3482  |l I  |s A  |a 24  |w stu8451_0001